Questions-réponses sur Roscoff - Statistiques

Statistiques générales
  • Ce quiz a été pris 14 fois
  • Le résultat moyen est 9 sur 16
Statistiques - réponses
Questions Réponses % Correct
Région dans laquelle se situe Roscoff. La Bretagne
100%
Légume composé de bases épaissies de feuilles s'enveloppant les unes dans les autres. La variété de Roscoff se caractérise par sa couleur rosée. Il jouit d'une AOP et d'une AOC. Il est cultivé depuis le XVIIe siècle, à l'initiative d'un moine de retour du Portugal. La ville de Roscoff organise chaque année, en août, une fête dédiée à ce légume. L'oignon
80%
Traitement par lequel sont utilisés les bienfaits du milieu marin dans un but préventif ou curatif. Roscoff a vu l'ouverture du premier institut en 1899, l'institut de Rockroum. La thalassothérapie
70%
Organismes vivants capables de produire de la photosynthèse oxygénique et dont le cycle de vie se déroule généralement en milieu aquatique. La pollution aux nitrates les fait proliférer dans le port de Roscoff. Les algues
70%
Ville médiévale située à environ 25 kilomètres au sud-est de Roscoff qui donne son nom à la baie (parfois appelée rade) que ferme la pointe du promontoire, côté ouest, sur laquelle se situe Roscoff. Morlaix
70%
Jardin vaste de 16 000 m² qui contient environ 3 350 plantes dont certaines de l'hémisphère sud, (Australie, Nouvelle-Zélande, Amérique du Sud, Afrique du Sud), mais aussi d'ailleurs (îles Canaries, Madère, ..). Les collections comprennent acacias, agaves, aloès, cactus, eucalyptus, géraniums, etc. : "Le jardin e_______ de Roscoff". Exotique
60%
Nom donné aux habitants de Roscoff. Les Roscovites
60%
Île située à un peu plus d'un kilomètre de Roscoff, qui en est le port le plus proche sur la terre ferme et le seul qui assure une liaison par des vedettes avec elle. L'Île de Batz
60%
Architecte militaire qui signe les plans de la transformation du fort de Bloscon, en 1694. Sébastien Le Prestre de Vauban
60%
Procession dédiée à sainte Barbe qui a lieu à Roscoff le troisième dimanche de juillet. Le terme provient de l'idée de pénitence permettant de recevoir des indulgences le jour dédié au culte d'un saint. Le Pardon
50%
Ancienne principauté (comté puis évêché) de cette région dans laquelle se situe Roscoff. Une course cycliste en fait le tour, sans passer par la ville, le "Tro Bro ___". Le Pays de Léon
50%
Reine d'Écosse qui encore enfant, débarqua à Roscoff, avant de passer sa jeunesse en France et d'être promise au futur roi François II (svp, identifiez la par le nom de sa dynastie). Marie Stuart
50%
Pays hôte du prologue et des deux premières étapes du Tour de France 1998 avant le retour en France par Roscoff, ville-départ de la troisième étape. La compagnie Brittany Ferries - fondée à Roscoff - assure la liaison par bateau avec - entre autres - ce pays. Lors de ce Tour de France, le matériel des équipes était transféré par bateau. L'Irlande
40%
Coureur cycliste, ancien champion du monde, vainqueur du Tour de France et de Paris-Roubaix qui mit un terme à sa carrière de sportif en 1961 à la suite d'un grave accident de la circulation. Pendant sa rééducation, il est soigné à Roscoff, notamment grâce au traitement précédent. Cela a d'ailleurs orienté sa reconversion. Louison Bobet
40%
Arbre qui fait référence à deux paraboles du Christ, planté à Roscoff dans la première moitié du XVIIe siècle, dans le jardin du couvent des Capucins. Il se développait sur plus de 700 m² en trois profondes tonnelles et était devenu une attraction touristique. Il fut abattu en 1987 dans le cadre d'un projet immobilier. Un figuier
30%
Épisode insurrectionnel de la Révolution française mené par les paysans de l'ancienne principauté évoquée à la question #2, contre la levée en masse décrétée par la Convention en 1793. Bataille à laquelle participèrent des paysans insurgés de Roscoff. La Bataille de Kerguidu
10%
Aucun quiz correspondant
Distribution des résultats
% des personnes avec chaque résultat
Percentile par nombre de réponses
Votre historique - résultats
Vous n’avez pas pris ce quiz